[Event "1st 4NCL Easter Congress"]
[Site "Stevenage"]
[Date "2019.04.20"]
[Round "3"]
[Board "17"]
[White "Hughes, Peter"]
[Black "Zhu, Hou Ning"]
[Result "0-1"]
[WhiteElo "1820"]
[BlackElo "1475"]
[PlyCount "96"]
[EventDate "2019.04.19"]
[EventRounds "7"]
[EventCountry "ENG"]

1. d4 d5 2. c4 c6 3. cxd5 cxd5 4. Bf4 Nf6 5. Nc3 Nc6 6. e3 a6 7. Be2 Bf5 8. g4
Be6 9. Bf3 h6 10. h3 g6 11. Nge2 Bg7 12. Nc1 Rc8 13. Nd3 b6 14. Qa4 a5 15. Ne5
Bd7 16. Qd1 e6 17. Qe2 O-O 18. g5 hxg5 19. Bxg5 Ne7 20. Ng4 Nxg4 21. hxg4 f6
22. Bh4 Kf7 23. O-O-O b5 24. Kb1 b4 25. Nb5 Qb6 26. a4 bxa3 27. Nxa3 Rc3 28.
Ka1 Rb3 29. Bg3 Qb4 30. Rc1 Nc6 31. Rc5 Nxd4 32. exd4 Rxa3+ 33. Kb1 Qb3 34. Rc7
Rd8 35. Re1 Qd3+ 36. Qxd3 Rxd3 37. Re3 Rxd4 38. Ra3 a4 39. Be2 Ke8 40. Rac3 Rb4
41. Bd6 Rb6 42. Bc5 Rc6 43. Rxc6 Bxc6 44. Bb6 Rc8 45. Ba6 Ra8 46. Rxc6 Rxa6 47.
Rc8+ Kd7 48. Rc7+ Kd6  0-1

[Event "1st 4NCL Easter Congress"]
[Site "Stevenage"]
[Date "2019.04.20"]
[Round "3"]
[Board "18"]
[White "Mellor, Jessica"]
[Black "Singha, Swati"]
[Result "0-1"]
[WhiteElo "1680"]
[BlackElo "1427"]
[PlyCount "128"]
[EventDate "2019.04.19"]
[EventRounds "7"]
[EventCountry "ENG"]

1. e4 e5 2. Nc3 Nf6 3. Bc4 Nc6 4. d3 a6 5. f4 d6 6. f5 Na5 7. Nf3 Nxc4 8. dxc4
h6 9. O-O b6 10. Qe2 Bb7 11. Bd2 Qd7 12. b3 Be7 13. Rae1 O-O-O 14. Nd5 g5 15.
Nxf6 Bxf6 16. g4 Rdg8 17. a4 h5 18. h3 hxg4 19. hxg4 Bd8 20. Rf2 f6 21. Ra1 Rh3
22. Rh2 Qh7 23. a5 Rh8 24. axb6 cxb6 25. b4 Rg3+ 26. Kh1 Qg7 27. Rg1 Rgh3 28.
Rgg2 Qd7 29. Qd3 Qc6 30. Re2 a5 31. b5 Qc5 32. Rxh3 Rxh3+ 33. Kg2 Rh7 34. Be3
Qb4 35. c3 Qa3 36. Re1 Qa2+ 37. Nd2 Bc7 38. Rc1 Qb2 39. Rb1 Qa2 40. Kg3 a4 41.
Bg1 a3 42. Nf1 Rh1 43. Ne3 Rh4 44. Nd5 Bxd5 45. cxd5 Rh8 46. c4 Kb7 47. Rd1 Ra8
48. c5 bxc5 49. Bxc5 dxc5 50. d6 Bd8 51. d7 Ra4 52. Qd6 Qg8 53. Qc6+ Ka7 54.
Qxc5+ Ka8 55. b6 Qb3+ 56. Kf2 Qb2+ 57. Kf1 Qxb6 58. Qc8+ Ka7 59. Rc1 a2 60. Qc3
Qb5+ 61. Kg2 Qa5 62. Qe3+ Rd4 63. Qe2 a1=Q 64. Rxa1 Qxa1  0-1

[Event "1st 4NCL Easter Congress"]
[Site "Stevenage"]
[Date "2019.04.20"]
[Round "3"]
[Board "19"]
[White "Sandhu, Manvith"]
[Black "Sheikh, Anum"]
[Result "1/2-1/2"]
[WhiteElo "1564"]
[BlackElo "1651"]
[PlyCount "79"]
[EventDate "2019.04.19"]
[EventRounds "7"]
[EventCountry "ENG"]

1. e4 c5 2. Nf3 e6 3. d4 cxd4 4. Nxd4 Nf6 5. Nc3 d6 6. Be3 Be7 7. f3 O-O 8. Qd2
Nc6 9. O-O-O d5 10. exd5 Nxd5 11. Nxd5 Qxd5 12. Nb3 Qxd2+ 13. Rxd2 e5 14. Bc4
a6 15. Rhd1 Rb8 16. Nc5 b5 17. Bb3 Na5 18. Nd7 Nxb3+ 19. axb3 Bxd7 20. Rxd7 Bf6
21. Ra7 Ra8 22. Rdd7 h6 23. Bc5 Rxa7 24. Rxa7 Rc8 25. b4 Rc6 26. Kd2 Bg5+ 27.
Kd3 f5 28. g4 g6 29. h3 Re6 30. Be3 e4+ 31. fxe4 Bxe3 32. Kxe3 Rxe4+ 33. Kd3
Rxb4 34. Rxa6 Kg7 35. gxf5 gxf5 36. Kc3 Rh4 37. Rb6 Rxh3+ 38. Kd2 f4 39. Rxb5
Kf6 40. c4  1/2-1/2

[Event "1st 4NCL Easter Congress"]
[Site "Stevenage"]
[Date "2019.04.20"]
[Round "3"]
[Board "20"]
[White "Nwachukwu, Chino"]
[Black "Shenbagakumar, Gautham"]
[Result "1-0"]
[WhiteElo "1899"]
[BlackElo "1507"]
[PlyCount "137"]
[EventDate "2019.04.19"]
[EventRounds "7"]
[EventCountry "ENG"]

1. e4 c5 2. Nf3 d6 3. d4 cxd4 4. Nxd4 Nf6 5. Nc3 a6 6. Be2 e6 7. Be3 Be7 8. Qd2
O-O 9. O-O-O b5 10. g4 Bb7 11. f3 Nfd7 12. g5 Nc6 13. h4 Na5 14. h5 Ne5 15. b3
Qc7 16. f4 d5 17. Kb2 Rac8 18. Nb1 Nec6 19. g6 Bc5 20. gxf7+ Qxf7 21. exd5 Nxd4
22. Bxd4 Bxd4+ 23. Qxd4 Bxd5 24. Rhf1 Nc6 25. Qe3 Ne7 26. Nc3 Nf5 27. Qe5 Ng3
28. Bg4 Kh8 29. Nxd5 exd5 30. Rf3 Rce8 31. Qxd5 Qxd5 32. Rxd5 Ne4 33. Re5 Nf6
34. Rg3 Rxe5 35. fxe5 Nxg4 36. Rxg4 Re8 37. Re4 Kg8 38. Kc3 Kf7 39. Kd4 Rd8+
40. Ke3 Ke6 41. c4 bxc4 42. bxc4 Rc8 43. Kd3 Rc5 44. Kd4 Ra5 45. Re2 Ra4 46.
Kc5 Ra5+ 47. Kb6 Rxe5 48. Rxe5+ Kxe5 49. c5 g5 50. hxg6 hxg6 51. c6 g5 52. c7
g4 53. c8=Q g3 54. Qg4 g2 55. Qxg2 Kd4 56. Qc2 Ke5 57. Kxa6 Kd5 58. Kb5 Ke5 59.
Qd3 Kf6 60. Qe4 Kf7 61. a4 Kf6 62. a5 Kg5 63. Qf3 Kg6 64. a6 Kg5 65. a7 Kg6 66.
a8=Q Kg7 67. Qaf8+ Kg6 68. Qg8+ Kh6 69. Qh3#  1-0

[Event "1st 4NCL Easter Congress"]
[Site "Stevenage"]
[Date "2019.04.20"]
[Round "3"]
[Board "21"]
[White "Shearsby, Jude"]
[Black "Jacob, Sydney J"]
[Result "0-1"]
[WhiteElo "1290"]
[BlackElo "1820"]
[PlyCount "74"]
[EventDate "2019.04.19"]
[EventRounds "7"]
[EventCountry "ENG"]

1. d4 Nf6 2. Bf4 e6 3. e3 c5 4. Nf3 b6 5. Bd3 Bb7 6. Nbd2 d6 7. c3 Be7 8. O-O
O-O 9. Re1 Re8 10. e4 cxd4 11. cxd4 Nc6 12. Rc1 e5 13. Bb5 exf4 14. Bxc6 Bxc6
15. Rxc6 Qd7 16. Qc2 Rac8 17. Rc1 Rxc6 18. Qxc6 Qxc6 19. Rxc6 d5 20. e5 Ne4 21.
Rc7 g5 22. h3 h5 23. Rxa7 g4 24. hxg4 hxg4 25. Nxe4 dxe4 26. Nd2 e3 27. fxe3
fxe3 28. Nc4 Bg5 29. Kf1 Rc8 30. Na3 Rc1+ 31. Ke2 Rg1 32. g3 Rxg3 33. Ra8+ Kg7
34. Kf1 Rf3+ 35. Ke2 Rf2+ 36. Kd1 Rxb2 37. Nc4 e2+  0-1

[Event "1st 4NCL Easter Congress"]
[Site "Stevenage"]
[Date "2019.04.21"]
[Round "4"]
[Board "1"]
[White "Nelson, Omowale A"]
[Black "Gittens, Nathan L"]
[Result "1-0"]
[WhiteElo "1953"]
[BlackElo "1842"]
[PlyCount "0"]
[EventDate "2019.04.19"]
[EventRounds "7"]
[EventCountry "ENG"]

1. d4 {[%clk 01:24:31]} {[%emt 00:00:18]} d5 2. c4 {[%clk 01:24:55]} e6 {[%clk
01:31:21]} 3. g3 {[%clk 01:25:15]} c6 {[%clk 01:31:25]} 4. Nf3 {[%clk
01:25:08]} dxc4 {[%clk 01:31:50]} 5. Bg2 {[%clk 01:25:26]} b5 {[%clk 01:32:10]}
6. a4 {[%clk 01:25:20]} Bb7 {[%clk 01:32:08]} 7. O-O {[%clk 01:25:36]} Nf6
{[%clk 01:29:14]} 8. Nc3 {[%clk 01:25:26]} a6 {[%clk 01:25:04]} 9. Ne5 {[%clk
01:22:46]} Qc8 {[%clk 01:20:23]} 10. e4 {[%clk 01:06:19]} Bb4 {[%clk 01:16:44]}
11. axb5 {[%clk 00:58:46]} cxb5 {[%clk 01:10:35]} 12. d5 {[%clk 00:50:49]} O-O
13. Bg5 {[%clk 00:41:06]} Nbd7 {[%clk 00:52:47]} 14. Nc6 {[%clk 00:33:57]} Bxc6
{[%clk 00:50:53]} 15. dxc6 {[%clk 00:34:22]} Ne5 {[%clk 00:51:16]} 16. f4
{[%clk 00:30:35]} Nd3 {[%clk 00:48:14]} 17. Qe2 {[%clk 00:25:48]} Qxc6 {[%clk
00:35:25]} 18. Bxf6 {[%clk 00:22:37]} gxf6 {[%clk 00:35:50]} 19. e5 {[%clk
00:22:58]} Qb6+ {[%clk 00:18:49]} 20. Kh1 {[%clk 00:23:08]} f5 21. Bxa8 {[%clk
00:17:06]} Rxa8 {[%clk 00:12:09]} 22. h3 {[%clk 00:17:23]} Rd8 {[%clk
00:07:47]} 23. Kh2 {[%clk 00:15:28]} Nxb2 {[%clk 00:05:27]} 24. Qxb2 {[%clk
00:12:16]} Qe3 {[%clk 00:05:33]} 25. Rad1 {[%clk 00:11:00]} Rxd1 {[%clk
00:03:46]} 26. Nxd1 {[%clk 00:11:00]} Qd2+ {[%clk 00:04:01]} 27. Rf2 {[%clk
00:06:38]} Qe1 {[%clk 00:01:45]} 28. Qe2 {[%clk 00:03:29]} a5 {[%clk 00:01:09]}
29. Nb2 {[%clk 00:03:02]} a4 {[%clk 00:01:00]} 30. Qxe1 {[%clk 00:02:32]} Bxe1
{[%clk 00:01:24]} 31. Rc2 {[%clk 00:02:59]} c3 {[%clk 00:00:33]} 32. Nd3 {[%clk
00:01:50]} Bd2 {[%clk 00:01:00]} 33. Kg2 {[%clk 00:01:48]} f6 {[%clk 00:01:15]}
34. Kf3 {[%clk 00:01:52]} fxe5 {[%clk 00:01:38]} 35. fxe5 {[%clk 00:02:08]} Kf7
{[%clk 00:01:38]} 36. Ke2 {[%clk 00:02:06]} Kg6 {[%clk 00:00:35]} 37. Kd1
{[%clk 00:01:39]} h5 {[%clk 00:00:41]} {[%emt 00:00:05]} 38. h4 {[%clk
00:00:57]} {[%emt 00:01:12]} f4 {[%clk 00:00:37]} {[%emt 00:00:35]} 39. Nxf4+
{[%clk 00:00:31]} {[%emt 00:00:55]} Bxf4 {[%clk 00:00:46]} {[%emt 00:00:21]} 40.
gxf4 {[%clk 00:01:00]} {[%emt 00:00:01]} b4 {[%clk 00:01:09]} {[%emt 00:00:07]}
41. Rg2+ {[%clk 00:00:39]} {[%emt 00:00:51]} Kf5 {[%clk 00:01:35]} {[%emt
00:00:04]} 42. Rg5+ {[%clk 00:00:38]} {[%emt 00:00:31]} Kxf4 {[%clk 00:01:20]}
{[%emt 00:00:46]} 43. Kc2 {[%clk 00:00:49]} {[%emt 00:00:19]} a3 {[%clk
00:00:38]} {[%emt 00:01:12]} 44. Kb3 {[%clk 00:00:44]} {[%emt 00:00:34]} Ke3
{[%clk 00:00:39]} {[%emt 00:00:30]} 45. Rg3 {[%clk 00:00:32]} {[%emt 00:00:42]}
Kd2 {[%clk 00:00:46]} {[%emt 00:00:23]} 46. Rg2+ {[%clk 00:00:58]} {[%emt
00:00:04]} Kd3 {[%clk 00:00:59]} {[%emt 00:00:16]} 47. Ra2 {[%clk 00:01:12]}
{[%emt 00:00:16]} Kd4 {[%clk 00:00:33]} {[%emt 00:00:56]} 48. Kxb4 {[%clk
00:01:36]} {[%emt 00:00:07]} Kxe5 {[%clk 00:00:49]} {[%emt 00:00:14]} 49. Kxc3
{[%clk 00:01:56]} {[%emt 00:00:09]} Kf4 {[%clk 00:01:01]} {[%emt 00:00:18]} 50.
Rxa3 {[%clk 00:02:21]} {[%emt 00:00:06]} e5 {[%clk 00:01:20]} {[%emt 00:00:11]}
51. Kd2 {[%clk 00:02:24]} {[%emt 00:00:26]} e4 {[%clk 00:01:35]} {[%emt
00:00:16]} 52. Ke2 {[%clk 00:02:46]} {[%emt 00:00:07]} Kg4 {[%clk 00:01:58]}
{[%emt 00:00:07]} 53. Re3 {[%clk 00:02:24]} {[%emt 00:00:52]} Kxh4 {[%clk
00:02:14]} {[%emt 00:00:14]} 54. Kf2 {[%clk 00:02:42]} {[%emt 00:00:12]}  1-0

[Event "1st 4NCL Easter Congress"]
[Site "Stevenage"]
[Date "2019.04.21"]
[Round "4"]
[Board "2"]
[White "Ukken, Somton"]
[Black "Gray, Edward"]
[Result "0-1"]
[WhiteElo "1898"]
[BlackElo "1704"]
[PlyCount "0"]
[EventDate "2019.04.19"]
[EventRounds "7"]
[EventCountry "ENG"]

1. d4 {[%clk 01:28:15]} {[%emt 00:02:45]} Nf6 {[%clk 01:30:11]} {[%emt
00:00:49]} 2. c4 {[%clk 01:27:31]} {[%emt 00:01:14]} c5 {[%clk 01:30:27]}
{[%emt 00:00:14]} 3. d5 {[%clk 01:26:35]} {[%emt 00:01:25]} b5 {[%clk
01:30:40]} {[%emt 00:00:17]} 4. Qc2 {[%clk 01:25:53]} {[%emt 00:01:13]} bxc4
{[%clk 01:30:47]} {[%emt 00:00:23]} 5. e4 {[%clk 01:26:20]} {[%emt 00:00:03]}
d6 {[%clk 01:31:13]} {[%emt 00:00:05]} 6. Bxc4 {[%clk 01:24:31]} {[%emt
00:02:18]} g6 {[%clk 01:31:33]} {[%emt 00:00:09]} 7. Nf3 {[%clk 01:23:11]}
{[%emt 00:01:50]} Bg7 {[%clk 01:31:55]} {[%emt 00:00:09]} 8. Nc3 {[%clk
01:19:58]} {[%emt 00:03:42]} O-O {[%clk 01:31:58]} {[%emt 00:00:27]} 9. h3
{[%clk 01:19:41]} {[%emt 00:00:47]} Nbd7 {[%clk 01:31:35]} {[%emt 00:00:54]} 10.
O-O {[%clk 01:19:52]} {[%emt 00:00:19]} Nb6 {[%clk 01:31:06]} {[%emt 00:00:59]}
11. Bd3 {[%clk 01:07:39]} {[%emt 00:12:43]} e6 {[%clk 01:28:58]} {[%emt
00:02:39]} 12. dxe6 {[%clk 01:02:39]} {[%emt 00:05:30]} Bxe6 {[%clk 01:28:03]}
{[%emt 00:01:25]} 13. e5 {[%clk 00:59:15]} {[%emt 00:03:54]} dxe5 {[%clk
01:27:30]} {[%emt 00:01:02]} 14. Nxe5 {[%clk 00:59:21]} {[%emt 00:00:25]} Nfd5
{[%clk 01:26:31]} {[%emt 00:01:29]} 15. Nf3 {[%clk 00:54:36]} {[%emt 00:05:14]}
Nb4 {[%clk 01:25:29]} {[%emt 00:01:32]}  0-1

[Event "1st 4NCL Easter Congress"]
[Site "Stevenage"]
[Date "2019.04.21"]
[Round "4"]
[Board "3"]
[White "Merriman, James"]
[Black "De Coverly, Roger D"]
[Result "1/2-1/2"]
[WhiteElo "1760"]
[BlackElo "1953"]
[PlyCount "0"]
[EventDate "2019.04.19"]
[EventRounds "7"]
[EventCountry "ENG"]

1. d4 {[%clk 01:29:51]} {[%emt 00:01:06]} Nf6 {[%clk 01:30:22]} {[%emt
00:00:39]} 2. c4 {[%clk 01:29:48]} {[%emt 00:00:32]} g6 {[%clk 01:30:46]}
{[%emt 00:00:06]} 3. Nc3 {[%clk 01:30:12]} {[%emt 00:00:07]} Bg7 {[%clk
01:31:12]} {[%emt 00:00:04]} 4. e4 {[%clk 01:30:38]} {[%emt 00:00:04]} d6
{[%clk 01:31:36]} {[%emt 00:00:05]} 5. Nge2 {[%clk 01:31:01]} {[%emt 00:00:07]}
O-O {[%clk 01:31:26]} {[%emt 00:00:41]} 6. Ng3 {[%clk 01:31:27]} {[%emt
00:00:04]} c5 {[%clk 01:31:31]} {[%emt 00:00:25]} 7. d5 {[%clk 01:31:52]}
{[%emt 00:00:05]} e6 {[%clk 01:31:25]} {[%emt 00:00:36]} 8. Be2 {[%clk
01:32:12]} {[%emt 00:00:09]} exd5 {[%clk 01:31:22]} {[%emt 00:00:33]} 9. cxd5
{[%clk 01:32:36]} {[%emt 00:00:07]} a6 {[%clk 01:31:16]} {[%emt 00:00:37]} 10.
a4 {[%clk 01:32:54]} {[%emt 00:00:11]} h5 {[%clk 01:29:58]} {[%emt 00:01:47]}
11. Bg5 {[%clk 01:33:04]} {[%emt 00:00:20]} Nbd7 {[%clk 01:28:47]} {[%emt
00:01:41]} 12. O-O {[%clk 01:33:00]} {[%emt 00:00:34]} Re8 {[%clk 01:26:40]}
{[%emt 00:02:37]} 13. h3 {[%clk 01:31:13]} {[%emt 00:02:17]} Qc7 {[%clk
01:25:18]} {[%emt 00:01:52]} 14. Rc1 {[%clk 01:27:26]} {[%emt 00:04:16]} Nh7
{[%clk 01:24:17]} {[%emt 00:01:31]} 15. Be3 {[%clk 01:24:45]} {[%emt 00:03:11]}
h4 {[%clk 01:22:25]} {[%emt 00:02:22]} 16. Nh1 {[%clk 01:25:03]} {[%emt
00:00:12]} Rb8 {[%clk 01:21:36]} {[%emt 00:01:19]} 17. Qd2 {[%clk 01:17:04]}
{[%emt 00:08:29]} Ndf6 {[%clk 01:17:52]} {[%emt 00:04:15]} 18. f3 {[%clk
01:16:39]} {[%emt 00:00:55]} Qe7 {[%clk 01:16:53]} {[%emt 00:01:29]} 19. Rb1
{[%clk 01:06:30]} {[%emt 00:10:39]} Nh5 {[%clk 01:06:21]} {[%emt 00:11:02]} 20.
b4 {[%clk 01:00:44]} {[%emt 00:06:16]} cxb4 {[%clk 01:05:53]} {[%emt 00:00:59]}
21. Rxb4 {[%clk 01:00:49]} {[%emt 00:00:24]} Ng3 {[%clk 00:56:35]} {[%emt
00:09:48]} 22. Nxg3 {[%clk 00:59:52]} {[%emt 00:01:26]} hxg3 {[%clk 00:57:00]}
{[%emt 00:00:05]} 23. Bxa6 {[%clk 00:57:04]} {[%emt 00:03:18]} Bxh3 {[%clk
00:56:27]} {[%emt 00:01:03]} 24. Bb5 {[%clk 00:50:45]} {[%emt 00:06:50]} Bd7
{[%clk 00:55:12]} {[%emt 00:01:44]} 25. Bxd7 {[%clk 00:49:43]} {[%emt
00:01:32]} Qxd7 {[%clk 00:55:20]} {[%emt 00:00:22]} 26. Bf4 {[%clk 00:49:03]}
{[%emt 00:01:10]} Be5 {[%clk 00:52:40]} {[%emt 00:03:11]} 27. Ne2 {[%clk
00:42:31]} {[%emt 00:07:01]} Ra8 {[%clk 00:47:07]} {[%emt 00:06:04]} 28. Bxe5
{[%clk 00:41:09]} {[%emt 00:01:51]} Rxe5 {[%clk 00:45:50]} {[%emt 00:01:48]} 29.
Rfb1 {[%clk 00:40:05]} {[%emt 00:01:33]} Qd8 {[%clk 00:45:00]} {[%emt
00:01:20]} 30. Qf4 {[%clk 00:37:46]} {[%emt 00:02:48]} Qa5 {[%clk 00:37:34]}
{[%emt 00:07:57]} 31. Qxg3 {[%clk 00:34:40]} {[%emt 00:03:36]} Kg7 {[%clk
00:36:29]} {[%emt 00:01:36]} 32. Qf2 {[%clk 00:32:54]} {[%emt 00:02:14]} Nf6
{[%clk 00:34:58]} {[%emt 00:02:02]} 33. Qd4 {[%clk 00:32:18]} {[%emt 00:01:06]}
Qc5 {[%clk 00:29:11]} {[%emt 00:06:16]} 34. Qxc5 {[%clk 00:32:01]} {[%emt
00:00:48]} dxc5 {[%clk 00:29:33]} {[%emt 00:00:08]} 35. Rxb7 {[%clk 00:31:47]}
{[%emt 00:00:45]} Nxd5 {[%clk 00:29:37]} {[%emt 00:00:26]} 36. exd5 {[%clk
00:29:17]} {[%emt 00:03:00]} Rxe2 {[%clk 00:30:00]} {[%emt 00:00:06]} 37. Ra1
{[%clk 00:27:15]} {[%emt 00:02:32]} Rd2 {[%clk 00:29:15]} {[%emt 00:01:14]} 38.
a5 {[%clk 00:26:46]} {[%emt 00:00:59]} Re8 {[%clk 00:26:50]} {[%emt 00:02:56]}
39. a6 {[%clk 00:25:54]} {[%emt 00:01:22]} Ree2 {[%clk 00:27:08]} {[%emt
00:00:11]} 40. a7 {[%emt 00:16:53]}  1/2-1/2

[Event "1st 4NCL Easter Congress"]
[Site "Stevenage"]
[Date "2019.04.21"]
[Round "4"]
[Board "4"]
[White "Bagley, Andy J"]
[Black "Karumazondo, Ragarirai Ernest"]
[Result "0-1"]
[WhiteElo "1853"]
[BlackElo "1896"]
[PlyCount "0"]
[EventDate "2019.04.19"]
[EventRounds "7"]
[EventCountry "ENG"]

1. d4 {[%clk 01:30:57]} {[%emt 00:00:04]} Nf6 {[%clk 01:28:31]} {[%emt
00:02:27]} 2. c4 {[%clk 01:31:22]} {[%emt 00:00:05]} e5 {[%clk 01:28:52]}
{[%emt 00:00:09]} 3. dxe5 {[%clk 01:31:36]} {[%emt 00:00:17]} Ng4 {[%clk
01:29:11]} {[%emt 00:00:10]} 4. Nf3 {[%clk 01:31:45]} {[%emt 00:00:21]} Bc5
{[%clk 01:29:31]} {[%emt 00:00:10]} 5. e3 {[%clk 01:30:44]} {[%emt 00:01:32]}
Nc6 {[%clk 01:29:54]} {[%emt 00:00:07]} 6. a3 {[%clk 01:26:30]} {[%emt
00:04:44]} a5 {[%clk 01:30:05]} {[%emt 00:00:19]} 7. Be2 {[%clk 01:19:49]}
{[%emt 00:07:10]} O-O {[%clk 01:30:21]} {[%emt 00:00:13]} 8. O-O {[%clk
01:18:05]} {[%emt 00:02:15]} Ngxe5 {[%clk 01:30:20]} {[%emt 00:00:31]} 9. Nbd2
{[%clk 01:14:53]} {[%emt 00:03:41]} Re8 {[%clk 01:28:14]} {[%emt 00:02:36]} 10.
Nb3 {[%clk 01:12:56]} {[%emt 00:02:28]} Bf8 {[%clk 01:27:03]} {[%emt 00:01:40]}
11. Nbd4 {[%clk 01:10:37]} {[%emt 00:02:49]} a4 {[%clk 01:19:58]} {[%emt
00:07:35]} 12. Bd2 {[%clk 01:09:49]} {[%emt 00:01:18]} Nxf3+ {[%clk 01:16:32]}
{[%emt 00:03:56]} 13. Nxf3 {[%clk 01:09:31]} {[%emt 00:00:49]} d5 {[%clk
01:09:06]} {[%emt 00:07:56]} 14. cxd5 {[%clk 01:04:59]} {[%emt 00:05:03]} Qxd5
{[%clk 01:09:14]} {[%emt 00:00:21]} 15. Rc1 {[%clk 01:02:30]} {[%emt 00:02:58]}
Be6 {[%clk 00:55:23]} {[%emt 00:14:20]} 16. Bc4 {[%clk 00:59:50]} {[%emt
00:03:11]} Qh5 {[%clk 00:55:26]} {[%emt 00:00:27]} 17. Bxe6 {[%clk 00:59:37]}
{[%emt 00:00:43]} Rxe6 {[%clk 00:55:46]} {[%emt 00:00:10]} 18. Nd4 {[%clk
00:48:00]} {[%emt 00:12:07]} Qxd1 {[%clk 00:52:30]} {[%emt 00:03:45]} 19. Rfxd1
{[%clk 00:48:28]} {[%emt 00:00:03]} Nxd4 {[%clk 00:52:44]} {[%emt 00:00:16]} 20.
exd4 {[%clk 00:48:54]} {[%emt 00:00:03]} c6 {[%clk 00:52:11]} {[%emt 00:01:03]}
21. Be3 {[%clk 00:48:06]} {[%emt 00:01:19]} Ra5 {[%clk 00:43:01]} {[%emt
00:09:40]} 22. g3 {[%clk 00:41:11]} {[%emt 00:07:25]} f5 {[%clk 00:40:54]}
{[%emt 00:02:37]} 23. Rd2 {[%clk 00:36:11]} {[%emt 00:05:30]} Kf7 {[%clk
00:39:33]} {[%emt 00:01:50]} 24. Bf4 {[%clk 00:33:42]} {[%emt 00:03:00]} Rd5
{[%clk 00:32:02]} {[%emt 00:08:02]} 25. Rc4 {[%clk 00:32:25]} {[%emt 00:01:46]}
b5 {[%clk 00:31:49]} {[%emt 00:00:42]} 26. Rc1 {[%clk 00:30:31]} {[%emt
00:02:25]} Ke7 {[%clk 00:31:06]} {[%emt 00:01:13]} 27. Rdc2 {[%clk 00:28:59]}
{[%emt 00:02:02]} Kd7 {[%clk 00:31:22]} {[%emt 00:00:13]} 28. Be5 {[%clk
00:27:04]} {[%emt 00:02:25]} c5 {[%clk 00:26:48]} {[%emt 00:05:05]} 29. f4
{[%clk 00:27:28]} {[%emt 00:00:06]} c4 {[%clk 00:27:07]} {[%emt 00:00:11]} 30.
Kf2 {[%clk 00:26:06]} {[%emt 00:01:52]} g6 {[%clk 00:26:51]} {[%emt 00:00:46]}
31. Kf3 {[%clk 00:25:52]} {[%emt 00:00:44]} Be7 {[%clk 00:25:37]} {[%emt
00:01:43]} 32. h3 {[%clk 00:24:21]} {[%emt 00:02:01]} Bd6 {[%clk 00:19:54]}
{[%emt 00:06:13]} 33. Rg1 {[%clk 00:21:48]} {[%emt 00:03:03]} h5 {[%clk
00:17:25]} {[%emt 00:02:59]} 34. Kf2 {[%clk 00:16:30]} {[%emt 00:05:49]} g5
{[%clk 00:12:00]} {[%emt 00:05:55]} 35. Bxd6 {[%clk 00:15:41]} {[%emt
00:01:19]} Rexd6 {[%clk 00:12:28]} {[%emt 00:00:02]} 36. fxg5 {[%clk 00:15:59]}
{[%emt 00:00:12]} Rxd4 {[%clk 00:12:49]} {[%emt 00:00:10]} 37. Re1 {[%clk
00:14:29]} {[%emt 00:01:59]} Rd3 {[%clk 00:11:26]} {[%emt 00:01:53]} 38. h4
{[%clk 00:12:39]} {[%emt 00:02:20]} R6d4 {[%clk 00:07:38]} {[%emt 00:04:18]} 39.
Re5 {[%clk 00:10:40]} {[%emt 00:02:29]} f4 {[%clk 00:08:02]} {[%emt 00:00:07]}
40. gxf4 {[%clk 00:10:43]} {[%emt 00:00:27]} Rxf4+ {[%clk 00:08:30]} {[%emt
00:00:02]} 41. Kg2 {[%clk 00:10:22]} {[%emt 00:00:51]} Rg4+ {[%clk 00:08:54]}
{[%emt 00:00:06]} 42. Kf1 {[%clk 00:09:45]} {[%emt 00:01:07]} Rxh4 {[%clk
00:09:21]} {[%emt 00:00:03]} 43. Rf2 {[%clk 00:09:04]} {[%emt 00:01:10]} Rd1+
{[%clk 00:05:23]} {[%emt 00:04:28]} 44. Ke2 {[%clk 00:07:40]} {[%emt 00:01:55]}
Rb1 {[%clk 00:05:37]} {[%emt 00:00:15]} 45. Rxb5 {[%clk 00:07:36]} {[%emt
00:00:34]} c3 {[%clk 00:06:03]} {[%emt 00:00:04]} 46. Rc5 {[%clk 00:03:45]}
{[%emt 00:04:21]} cxb2 {[%clk 00:04:33]} {[%emt 00:02:00]} 47. Rb5 {[%clk
00:03:22]} {[%emt 00:00:52]} Rhh1 {[%clk 00:04:31]} {[%emt 00:00:33]} 48. Kf3
{[%clk 00:01:55]} {[%emt 00:01:56]} Rh3+ {[%clk 00:04:43]} {[%emt 00:00:18]} 49.
Kg2 {[%clk 00:01:54]} {[%emt 00:00:32]} Rb3 {[%clk 00:05:00]} {[%emt 00:00:13]}
50. Rd5+ {[%clk 00:01:28]} {[%emt 00:00:55]} Ke6 {[%clk 00:05:20]} {[%emt
00:00:10]} 51. Rdd2 {[%clk 00:01:32]} {[%emt 00:00:27]} Rg1+ {[%clk 00:05:28]}
{[%emt 00:00:22]} 52. Kxg1 {[%emt 00:00:12]} b1=Q+ {[%emt 00:00:07]} 53. Rf1
{[%clk 00:01:28]} {[%emt 00:00:15]} Rg3+ {[%clk 00:05:18]} {[%emt 00:00:40]} 54.
Kf2 {[%clk 00:01:40]} {[%emt 00:00:19]} Rf3+ {[%clk 00:05:20]} {[%emt
00:00:27]}  0-1